| 000 | 00691nam a2200193Ia 4500 | ||
|---|---|---|---|
| 008 | 151119s9999||||xx |||||||||||||| ||und|| | ||
| 082 | _a001.6टिळेक/संगण | ||
| 082 | _bGKKV27769 | ||
| 100 | _a"टिळेकर, चंद्रसेन" | ||
| 245 | _aसंगणकाचे अंतरंग | ||
| 260 | _aपुणे | ||
| 260 | _bदिलीपराज प्रकाशन | ||
| 260 | _c2006 | ||
| 600 | _a"टिळेकर, चंद्रसेन" | ||
| 630 | _aसंगणकाचे अंतरंग | ||
| 700 | _a"टिळेकर, चंद्रसेन" | ||
| 730 | _aसंगणकाचे अंतरंग | ||
| 942 | _cBOOK | ||
| 999 |
_c1080195 _d1080192 |
||